000 00869nas a2200277 4500
001 BR5300253
003 BR-BrBNA
005 20231205081937.0
007 ta
008 230509b bl.|||p| |||| 00| 00por d
040 _aBR-BrBNA
_bpor
_cBiblioteca Nacional de Agricultura
041 _a(Pt)
072 _aL72; L70
100 1 _aCorrea, O.
100 1 _aGloss, R.
111 1 _a2. Reuniao Inter-Americana de Producao Animal
_cBauru, SP (Brazil)
_d8 Dec 1952
245 1 _aO emprego da mistura de fluoreto de sodio e Fenotiazina nas helmintoses dos leitoes
650 _aANTI-HELMINTICO
650 _aVERMINOSE
650 _aDEFESA ANIMAL
650 _aSUÍNO
650 _aRACAO
773 0 _tBoletim da Diretoria da Producao Animal (Brazil)
_x
_g(Jan 1953), v. 9(15) p. 20-31
_wBR5300253
909 _a202311
_bLúcia
_c55
_dLúcia Elande
942 _2AGRIS
_n0
_cANA
999 _c88021
_d88021